LIBRARY & INFORMATION CENTRE, KCAET, TAVANUR

ONLINE PUBLIC ACCESS CATALOGUE (OPAC)

Chemistry for general science / (Record no. 8831)

MARC details
000 -LEADER
fixed length control field 00426cam a2200169ua 4500
041 ## - LANGUAGE CODE
Language code of text/sound track or separate title eng
082 ## - DEWEY DECIMAL CLASSIFICATION NUMBER
Classification number 540
Item number HUT/CH
100 ## - MAIN ENTRY--AUTHOR NAME
Personal name Hutton, Kenneth .
245 ## - TITLE STATEMENT
Title Chemistry for general science /
250 ## - EDITION STATEMENT
Edition statement 1 /
260 ## - PUBLICATION, DISTRIBUTION, ETC. (IMPRINT)
Place of publication London :
Name of publisher Longman Green and Co ,
Year of publication 1967.
300 ## - PHYSICAL DESCRIPTION
Number of Pages 288 ; .
700 1# - ADDED ENTRY--PERSONAL NAME
Personal name Swallow, Arthur .
942 ## - ADDED ENTRY ELEMENTS (KOHA)
Koha item type Books
Holdings
Withdrawn status Lost status Damaged status Home library Current library Date acquired Full call number Accession Number Koha item type
Withdrawn     KAUAET Sanskrit University 07/04/2012 540 12620 Books
free website counter